La guerra de la compañía Landínez /

Salvato in:
Dettagli Bibliografici
Autore principale: Posada, Félix (autor)
Natura: Libro
Lingua:spagnolo
Pubblicazione: Bogotá, Colombia : Ecoe, 1989, c1989
Soggetti:
Tags: Aggiungi Tag
Nessun Tag, puoi essere il primo ad aggiungerne!!

MARC

LEADER 00000nam^a2200000^a^4500
001 000393861
005 20250521000000.0
009 20260310121320.808
020 |a 958-9074-92-8 
037 |a Acervo ITESO - Biblioteca 
041 |a ESP 
082 |a 863.  |b POS 
100 |a Posada, Félix  |e (autor) 
245 1 3 |a La guerra de la compañía Landínez /  |c F. Posada ; pról. de Al Donado. 
264 4 |a Bogotá, Colombia :  |b Ecoe,  |c 1989, c1989 
300 |a VIII, 268 p. 
336 |a texto  |b txt  |2 rdacontenido 
337 |a sin mediación  |b n  |2 rdamedio 
338 |a volumen  |b nc  |2 rdasoporte 
561 |a Obra autografiada por el autor para Carlos Núñez Hurtado 
649 |a XX 
650 |a Novela Colombiana 
650 |a Literatura Colombiana -  |y Siglo XX 
910 |a Fondo Carlos Núñez Hurtado 
920 |a Impresos - Libros 
930 |a Fondos Especiales 
940 |a Literatura 
905 |a 117 
901 |a 0500288545  |b IT2  |c ESP  |i D82132  |u 20250521 
902 |a https://opac.biblio.iteso.mx/vufind/Record/000393861